| 000 | 00757nam a22002057a 4500 | ||
|---|---|---|---|
| 999 |
_c12710 _d12710 |
||
| 003 | AR-CdUCM | ||
| 008 | 190410b ||||| |||| 00| 0 spa d | ||
| 040 |
_aMUNICIPALIDAD PROVINCIAL DEL CUSCO _cBIBLIOTECA MUNICIPAL DEL CUSCO |
||
| 082 |
_a330.985 / _bM79 |
||
| 100 |
_aMorales Bermudez, Francisco _930712 |
||
| 245 | _aProyecto nacional / | ||
| 300 |
_a42 páginas ; _c18 cm. |
||
| 500 | _aEl texto no cuenta con tapa y contra tapa. | ||
| 505 | _aContenido : Estimados compatriotas -- Momentos de las grandes decisiones -- Libre expresión a traves de la prensa socializada -- Errores parciales ... | ||
| 650 |
_aProyecto nacional _930713 |
||
| 650 |
_aSociales _928612 |
||
| 650 |
_aPerú _935 |
||
| 942 |
_2ddc _cLIBROS |
||
| 945 |
_arah _d10/04/2019 |
||